| 000 | 05157cam a22018254i 4500 | ||
|---|---|---|---|
| 003 | PE-LiUPU | ||
| 005 | 20250813165349.0 | ||
| 008 | 100411s2001 nyua ob 001 0 eng d | ||
| 020 | _z0071346821 | ||
| 020 | _z9780071346825 | ||
| 035 | _a(Sirsi) a162101 | ||
| 040 |
_aOCLCE _bspa _epn _cOCLCE _dOCLCQ _dTVJ _dOCLCQ _dOCLCO _dOCLCQ _dOCLCF _dOCLCO _dYDXCP _dOCLCQ _dPE-LiUPU _erda |
||
| 049 | _aPRUA | ||
| 050 | 4 |
_aRC630 _b.R67 2001 |
|
| 082 | 0 | 4 |
_a616.3992 _bR84 _221 |
| 100 | 1 |
_aRose, Burton David, _d1942-, _eautor. |
|
| 245 | 1 | 0 |
_aClinical physiology of acid-base and electrolyte disorders / _cBurton David Rose, Theodore W. Post. |
| 250 | _aQuinta edición. | ||
| 264 |
_aNew York : _bMcGraw-Hill, Medical Pub. Division, _c2001. |
||
| 300 |
_ax, 992 páginas : _billustraciones ; _c23 centímetros. |
||
| 336 |
_text _2rdacontent |
||
| 337 |
_unmediated _2rdamedia |
||
| 338 |
_volume _2rdacarrier |
||
| 504 | _aBibliografía : páginas 961-992. | ||
| 505 | 0 | _aIntroduction to Renal Function -- Renal Circulation and Glomerular Filtration Rate -- Proximal Tubule -- Loop of Henle and the Countercurrent Mechanism -- Functions of the Distal Nephron -- Effects of Hormones on Renal Function -- The Total Body Water and the Plasma Sodium Concentration -- Regulation of the Effective Circulating Volume -- Regulation of Plasma Osmolality -- Acid-Base Physiology -- Regulation of Acid-Base Balance -- Potassium Homeostasis -- Meaning and Application of Urine Chemistries -- Hypovolemic States -- Clinical Use of Diuretics -- Edematous States -- Introduction to Simple and Mixed Acid-Base Disorders -- Metabolic Alkalosis -- Metabolic Acidosis -- Respiratory Acidosis -- Respiratory Alkalosis -- Introduction to Disorders of Osmolality -- Hypoosmolal States-Hyponatremia -- Hyperosmolal States-Hypernatremia -- Hyperosmolal States-Hyperglycemia -- Introduction to Disorders of Potassium Balance -- Hypokalemia -- Hyperkalemia -- Answers to the Problems -- Summary of Equations and Formulas. | |
| 526 | _aP203 | ||
| 526 | _aP200 | ||
| 526 | _aSEG65 | ||
| 526 | _aSEG64 | ||
| 526 | _aSEG63 | ||
| 526 | _aSEG62 | ||
| 526 | _aSEG61 | ||
| 526 | _aSEG60 | ||
| 526 | _aSEG59 | ||
| 526 | _aSEG58 | ||
| 526 | _aSEG57 | ||
| 526 | _aSEG56 | ||
| 526 | _aSEG55 | ||
| 526 | _aSEG54 | ||
| 526 | _aSEG53 | ||
| 526 | _aSEG52 | ||
| 526 | _aSEG51 | ||
| 526 | _aSEG50 | ||
| 526 | _aSEG49 | ||
| 526 | _aSEG48 | ||
| 526 | _aSEG47 | ||
| 526 | _aSEG46 | ||
| 526 | _aSEG24 | ||
| 526 | _aSEG23 | ||
| 526 | _aSEG22 | ||
| 526 | _aSEG21 | ||
| 526 | _aSEG20 | ||
| 526 | _aSEG19 | ||
| 526 | _aSEG18 | ||
| 526 | _aSEG17 | ||
| 526 | _aSEG16 | ||
| 526 | _aSEG14 | ||
| 526 | _aSEG13 | ||
| 526 | _aSEG12 | ||
| 526 | _aSEG11 | ||
| 526 | _aSEG10 | ||
| 526 | _aSEG09 | ||
| 526 | _aSEG06 | ||
| 526 | _aSEG05 | ||
| 526 | _aSEG04 | ||
| 526 | _aSEG03 | ||
| 526 | _aSEG02 | ||
| 526 | _aSEG68 | ||
| 526 | _aSEG66 | ||
| 526 | _aSEG45 | ||
| 526 | _aSEG25 | ||
| 526 | _aSEG01 | ||
| 526 | _aP163 | ||
| 526 | _aP162 | ||
| 526 | _aP161 | ||
| 526 | _aP160 | ||
| 526 | _aP159 | ||
| 526 | _aP158 | ||
| 526 | _aP157 | ||
| 526 | _aP156 | ||
| 526 | _aP155 | ||
| 526 | _aP154 | ||
| 526 | _aP153 | ||
| 526 | _aP152 | ||
| 526 | _aP151 | ||
| 526 | _aP150 | ||
| 526 | _aP149 | ||
| 526 | _aP142 | ||
| 526 | _aP141 | ||
| 526 | _aP140 | ||
| 526 | _aP139 | ||
| 526 | _aP138 | ||
| 526 | _aP137 | ||
| 526 | _aP132 | ||
| 526 | _aP131 | ||
| 526 | _aP130 | ||
| 526 | _aP126 | ||
| 526 | _aP125 | ||
| 526 | _aP124 | ||
| 526 | _aP123 | ||
| 526 | _aP115 | ||
| 526 | _aP122 | ||
| 526 | _aP121 | ||
| 526 | _aP116 | ||
| 526 | _a P114 | ||
| 526 | _aP112 | ||
| 526 | _aP111 | ||
| 526 | _aP104 | ||
| 526 | _aP103 | ||
| 526 | _aP102 | ||
| 526 | _aP101 | ||
| 526 | _aP100 | ||
| 526 | _aP96 | ||
| 526 | _aP95 | ||
| 526 | _aP93 | ||
| 526 | _aP92 | ||
| 526 | _aP91 | ||
| 526 | _aP88 | ||
| 526 | _aP83 | ||
| 526 | _aP82 | ||
| 526 | _aP79 | ||
| 526 | _aP78 | ||
| 526 | _aP75 | ||
| 526 | _aP74 | ||
| 526 | _aP71 | ||
| 526 | _aP69 | ||
| 526 | _a P51 | ||
| 526 | _aP49 | ||
| 526 | _aP48 | ||
| 526 | _aP47 | ||
| 526 | _aP33 | ||
| 526 | _aP31 | ||
| 526 | _a P30 | ||
| 526 | _aP29 | ||
| 526 | _aP27 | ||
| 526 | _aP26 | ||
| 526 | _aP25 | ||
| 526 | _aP24 | ||
| 526 | _a P22 | ||
| 526 | _aP10 | ||
| 526 | _aP09 | ||
| 526 | _a P08 | ||
| 526 | _aP06 | ||
| 526 | _aP05 | ||
| 526 | _aP04 | ||
| 526 | _aP01 | ||
| 541 | _g001-003151; | ||
| 650 | 0 |
_ariñones _xfisiopatología. |
|
| 700 | 1 |
_aPost, Theodore W., _eautor, |
|
| 942 |
_2ddc _cBOOK |
||
| 949 |
_a616.3992 R84 _wDEWEY _c1 _i74017 _lCATALOGING _mBUL _p94.56 _r0 _sY _tBOOK _u2016-07-12 _xSALUD _PP30 _0COMPRA _o.STAFF. Colección General |
||
| 994 |
_aC0 _bPEPRU |
||
| 596 | _a1 | ||
| 999 |
_a616.3992 R84 _wDEWEY _c11074 _i74017 _d11074 _e2019-10-4 _f2021-11-4 _g5 _lCCODEBUL1 _mBUL _n5 _p94.56 _q3 _r0 _sY _tBOOK _u2016-7-12 _xSALUD _PP30 _0COMPRA _o.STAFF. Colección Ciencias de la Salud |
||
| 980 |
_81 _gALBERTO SANCHEZ Responsable de Automatización |
||